Riconosci il Pokémon - Quiz n°990 - Statistics

Statistiche generali
  • Questo quiz è stato fatto 2 volte
  • Il punteggio medio è 10 su 10
Statistiche sulle risposte
Indizio Risposta % Corretto
Altezza 0,5 m
100%
Tasso di cattura 120 (24.9%)
100%
Peso 33,5 kg
100%
Sesso 50% ♂, 50% ♀
100%
Stadio evoluzione Forma Base
100%
Tasso di allevamento Medio-Veloce
100%
Abilità Raccolta; Sabbiavelo
100%
Generazione Seconda
100%
Tipo Terra
100%
Pokémon Phanpy
50%
Nessun quiz corrispondente trovato
Distribuzione punteggi
Percentuale di utenti per punteggio
Percentile per numero di risposta
I tuoi punteggi nel tempo
Non hai fatto questo quiz